<?xml version="1.0" encoding="UTF-8"?>
<marc:record xmlns:marc="http://www.loc.gov/MARC21/slim">
   <marc:leader>00000nam a2200000 a 4500</marc:leader>
   <marc:datafield ind1="1" ind2=" " tag="100">
      <marc:subfield code="a">Brooke, Lauren</marc:subfield>
      <marc:subfield code="4">aut</marc:subfield>
      <marc:subfield code="e">Verfasser/-in</marc:subfield>
   </marc:datafield>
   <marc:datafield ind1="0" ind2="0" tag="245">
      <marc:subfield code="a">Zu neuen Ufern</marc:subfield>
   </marc:datafield>
   <marc:datafield ind1="0" ind2="0" tag="245">
      <marc:subfield code="b">Heartland</marc:subfield>
   </marc:datafield>
   <marc:datafield ind1="0" ind2="0" tag="245">
      <marc:subfield code="c">Lauren Brooke</marc:subfield>
   </marc:datafield>
   <marc:datafield ind1=" " ind2="1" tag="264">
      <marc:subfield code="a">Ravensburg</marc:subfield>
      <marc:subfield code="b">Ravensburger Buchverl.</marc:subfield>
      <marc:subfield code="c">2001</marc:subfield>
   </marc:datafield>
   <marc:datafield ind1="1" ind2=" " tag="490">
      <marc:subfield code="a">Heartland Farm - Paradies für Pferde</marc:subfield>
   </marc:datafield>
   <marc:datafield ind1="1" ind2=" " tag="520">
      <marc:subfield code="a">Auf Heartland, einer Farm in Virginia, widmet sich Amy mit neuen, von der tödlichen verunglückten Mutter erlernten Methoden der Heilung von körperlich oder seelisch erkrankten Pferden. Es wird der wertvolle Galopper Gallant Prince zu ihr gebracht. Er wurde bei einem Stallbrand schwer verletzt, ist seitdem traumatisiert, nicht zu berühren oder gar zu bändigen, kaum zu füttern und soll von Amy geheilt werden. Keine der ihr bekannten Behandlungsmethoden hilft, weder die von ihrer Mutter erprobten noch die von Monthy Roberts. Sie trifft Ryan, den früheren Pfleger des Pferdes, der bei dem Brand auch schwer verletzt wurde und seitdem auf einem Auge erblindet ist. Mit seiner Hilfe gelingt es Amy Gallant Prince zu heilen. Wiederum eine sehr spannende Fortsetzung, in der auch viel Wissenswertes über Pferde mitgeteilt wird. - Überall empfohlen. Sehr beliebte Pferde-Serie (auch durchwegs gut besprochen in EKZ) - deshalb auf dieser AL einige Bände zur AL (Bd. 1 zum Einstieg und 4 andere)</marc:subfield>
   </marc:datafield>
   <marc:datafield ind1=" " ind2=" " tag="020">
      <marc:subfield code="a">9783473347575</marc:subfield>
      <marc:subfield code="9">9783473347575</marc:subfield>
   </marc:datafield>
   <marc:datafield ind1=" " ind2=" " tag="041">
      <marc:subfield code="a">ger</marc:subfield>
   </marc:datafield>
   <marc:datafield ind1=" " ind2=" " tag="300">
      <marc:subfield code="a">142 S.</marc:subfield>
   </marc:datafield>
</marc:record>
